00673 2200253 4500001002100000005001700021008004100038035002400079082001000103090001700113100002700130245008100157250001100238260003700249300001900286500003100305500001100336650001200347700001100359850001500370980001300385985000600398999001500404YOGYA-0209000000996520090227022003.0 ind  0010-020900000009965 a297.5 a297.5bJal K aJAELANI, H Abdul Qodir aKoreksi Terhadap Ajaran TasawufcH. Abdul Qodir Jaelani ; penyunting, Subhan aCet. 1 aJakartabGema Insani Pressc1996 a240 hlmc24 cm aBibliografi : hlm. 227-230 aIndeks aTasawuf aSubhan aYOPPDIY(B) a30-06-05 a1 a97P0097466